| 000 | 01976cad a22002775a 4500 | ||
|---|---|---|---|
| 001 | E147978 | ||
| 008 | 090708s2009 stk f s000 0 eng d | ||
| 020 | _a9780755975747 | ||
| 022 | 1 | _a0141-514X | |
| 035 | _a(Sirsi) u147978 | ||
| 041 | 0 | _aeng | |
| 050 | 0 | 4 | _a711.1 $2 18 |
| 110 | 2 |
_aScotland _bScottish Government _95344 |
|
| 245 | 0 | 4 |
_aSchemes of delegation and local reviews _bplanning circular 7 2009 _h[electronic resource] |
| 260 |
_aEdinburgh _bScottish Government _c2009 |
||
| 490 | 0 |
_aPlanning Circular _v(7/2009) |
|
| 505 | 2 | _aIntroduction -- Schemes of delegation: content; delegation under powers from the Local Government Act 1973; procedures for adoption of the scheme; publication of the scheme; use of the section 43A scheme of delegation; subsequent schemes of delegation -- Local reviews: notice of review; the Local Review Body; notification to interested parties and publication; compliance with development management procedures; review procedure; matters which may be raised in a review; written submissions; site inspections; hearings; appointment of an assessor; new evidence; decision notice; review on failure to determine the application; electronic communication | |
| 520 | _aAccompanies the Town and Country Planning (Schemes of Delegation and Local Review Procedure) (Scotland) Regulations 2008, which aims to provide planning authorities scope to develop schemes of delegation that meet local circumstances, and to give a clear framework within which reviews of decisions can be conducted locally. | ||
| 521 | _aAdvanced | ||
| 590 | _aKA | ||
| 650 | 2 | 4 | _aTOWN AND COUNTRY PLANNING (SCHEMES OF DELEGATION AND LOCAL REVIEW PROCEDURE) (SCOTLAND) REGULATIONS 2008 |
| 651 | 4 |
_aScotland _y1999- |
|
| 690 | _aENVIRONMENTAL AND LAND CONSULTANCY-PLANNING AND DEVELOPMENT-PLANNING GUIDANCE | ||
| 856 | 4 | 0 |
_uhttps://www.scotland.gov.uk/Publications/2009/07/07115301/0 _zView the circular free of charge at www.scotland.gov.uk... |
| 942 | _n0 | ||
| 999 |
_c109823 _d109823 |
||